01056 2200169 4500245004900000020002200049250001100071700001800082650002200100005001900122260002800141041001400169084001000183300002300193500066100216336000900877 aBangsa Rakyat PersatuancMujib HermanihText a978-979-98798-5-1 aCet. 1 aMujib Hermani aBiografi Soekarno a20230927102200 bArti Bumi Intaranc2012 aIndonesia a923.2 a312 hlm. :c25 cm. aBuku ini dihadirkan untuk kepentingan sejarah bagi perjuangan bangsa dan Negara Republik Indonesia tercinta, terutama ditunjukan kepada kaum muda sebagai generasi penerus yang bertanggung jawab agar tercapainya cita-cita luhur rakyat Indonesia seperti yang digariskan dalam Trisakti Soekarno: Berdaulau di bidang politik, berdikari di bidang ekonomi, berkepribadian di bidang kebudayaan.Buku ini berisi tentang masa kecil putera sang fajar; patah hati, Soekarno menemunkan Tuhan; bergerak, tangkap, menggugat, penjara, buang!; merdeka, pemuncak revolusi Indonesia; dunia, inilah Republik Indonesia!; di bawah bendera revolusi Soekarno, dan lain sebagainya. atext